Посланцы В. И. Ленина в Башкирии
| 主要作者: | |
|---|---|
| 總結: | Загл. указано на корешке Авт. указан в конце книги В суперобложке. |
| 語言: | 俄语 |
| 出版: |
Уфа, Башкирское книжное издательство, 1989
|
| 版: | 2-е изд., испр. |
| 叢編: | Башкирская Лениниана |
| 主題: | |
| 格式: | MixedMaterials 圖書 |
| KOHA link: | https://koha.lib.tpu.ru/cgi-bin/koha/opac-detail.pl?biblionumber=245633 |
MARC
| LEADER | 00000nam0a2200000 4500 | ||
|---|---|---|---|
| 001 | 245633 | ||
| 005 | 20231031211159.0 | ||
| 010 | |a 5295002233 |b 10000 экз. | ||
| 035 | |a (RuTPU)RU\TPU\book\267051 | ||
| 035 | |a RU\TPU\book\254467 | ||
| 090 | |a 245633 | ||
| 100 | |a 20131114d1989 m y0rusy50 ca | ||
| 101 | 0 | |a rus | |
| 102 | |a RU | ||
| 105 | |a c z 001zd | ||
| 200 | 1 | |a Посланцы В. И. Ленина в Башкирии |f Ю. А. Узиков | |
| 205 | |a 2-е изд., испр. | ||
| 210 | |a Уфа |c Башкирское книжное издательство |d 1989 | ||
| 215 | |a 260 с. |c портр. |d 13 см. | ||
| 225 | 1 | |a Башкирская Лениниана | |
| 300 | |a Загл. указано на корешке | ||
| 300 | |a Авт. указан в конце книги | ||
| 300 | |a В суперобложке. | ||
| 320 | |a Источники: с. 243-256. | ||
| 610 | 1 | |a Башкирия | |
| 610 | 1 | |a история | |
| 610 | 1 | |a КПСС | |
| 610 | 1 | |a персоналии | |
| 610 | 1 | |a революционеры | |
| 610 | 1 | |a лениниана | |
| 610 | 1 | |a миниатюрные издания | |
| 686 | |a Ч611.68 |v LBC/SL-A |2 rubbk | ||
| 686 | |a А355.9 |v LBC/SL-A |2 rubbk | ||
| 700 | 1 | |a Узиков |b Ю. А. |g Юрий Андреевич | |
| 801 | 1 | |a RU |b 63413507 |c 20130304 | |
| 801 | 2 | |a RU |b 63413507 |c 20131114 |g RCR | |
| 942 | |c BK | ||